Reading literacy in an international perspective collected papers from the IEA Reading Literacy Study /
Saved in:
| Corporate Author: | |
|---|---|
| Other Authors: | , , |
| Format: | Book |
| Language: | English |
| Published: |
[Washington, DC] :
U.S. Dept. of Education, Office of Educational Research and Improvement, National Center for Education Statistics : For sale by the U.S. G.P.O., Supt. of Docs.,
[1996]
|
| Subjects: | |
| Tags: |
Add Tag
No Tags, Be the first to tag this record!
|
| LEADER | 01479cam a2200349Ia 4500 | ||
|---|---|---|---|
| 001 | 007749663-9 | ||
| 005 | 20020606104010.5 | ||
| 008 | 980319s1996 dcu bb f000 0 eng d | ||
| 035 | 0 | |a ocm38745903 | |
| 037 | |a 065-000-00966-8 |b GPO |f paper copy |c $20.00 | ||
| 040 | |a SEN |c SEN |d GPO |d OCL |d HLS | ||
| 074 | |a 0455-G-09 (MF) | ||
| 074 | |a 0455-G-09 (online) | ||
| 086 | 0 | |a ED 1.302:R 22/11 | |
| 245 | 0 | 0 | |a Reading literacy in an international perspective |h [microform] : |b collected papers from the IEA Reading Literacy Study / |c editors, Marilyn Binkley, Keith Rust, Trevor Williams. |
| 246 | 3 | 0 | |a Collected papers from the IEA Reading Literacy Study |
| 260 | |a [Washington, DC] : |b U.S. Dept. of Education, Office of Educational Research and Improvement, National Center for Education Statistics : |b For sale by the U.S. G.P.O., Supt. of Docs., |c [1996] | ||
| 300 | |a ix, 240 p. ; |c 28 cm. | ||
| 500 | |a Distributed to depository libraries in microfiche. | ||
| 500 | |a Shipping list no.: 98-0401-M. | ||
| 500 | |a "December 1996"--P. [ii]. | ||
| 500 | |a "NCES 97-875." | ||
| 504 | |a Includes bibliographical references. | ||
| 610 | 2 | 0 | |a International Association for the Evaluation of Educational Achievement. |
| 650 | 0 | |a Literacy |v Cross-cultural studies. | |
| 700 | 1 | |a Binkley, Marilyn R. | |
| 700 | 1 | |a Rust, Keith. | |
| 700 | 1 | |a Williams, Trevor, |d 1938- | |
| 710 | 2 | |a National Center for Education Statistics. | |
| 787 | 1 | |w (DLC)97-164029 | |
| 988 | |a 20020608 | ||
| 906 | |0 OCLC | ||


